[Event "ARG-ch"]
[Site "Pena City"]
[Date "1996.??.??"]
[Round "9"]
[White "Pereyra Arcija, Diego"]
[Black "Slipak, Sergio"]
[Result "0-1"]
[WhiteElo "2420"]
[BlackElo "2515"]
[PlyCount "48"]
[EventDate "1996.10.??"]
[EventType "tourn"]
[EventRounds "15"]
[EventCountry "ARG"]
[EventCategory "9"]
[SourceTitle "CBM 055 Extra"]
[Source "ChessBase"]
[SourceDate "1997.01.01"]
[SourceVersion "1"]
[SourceVersionDate "1997.01.01"]
[SourceQuality "1"]

1. e4 c5 2. Nf3 e6 3. c3 Nf6 4. e5 Nd5 5. d4 cxd4 6. Qxd4 Nc6 7. Qe4 d6 8. Nbd2 Nb6 9. exd6 Bxd6 10. Nc4 Nxc4 11. Bxc4 Qc7 12. 0-0 Bd7 13. Bb5 0-0-0 14. Rd1 e5 15. Ng5 Rhf8 16. Nxh7 Rfe8 17. Ng5 Re7 18. Qc4 e4 19. g3 Bf5 20. Re1 Ne5 21. Qxc7+ Bxc7 22. g4 Nxg4 23. f3 Bb6+ 24. Kh1 exf3 0-1